वि.कोमारोव कृत सौर परिवार / (Record no. 14883)

MARC details
000 -LEADER
fixed length control field 01332 a2200253 4500
005 - DATE AND TIME OF LATEST TRANSACTION
control field 20080818145426.0
008 - FIXED-LENGTH DATA ELEMENTS--GENERAL INFORMATION
fixed length control field 080818t xxu||||| |||| 00| 0 hin d
010 ## - LIBRARY OF CONGRESS CONTROL NUMBER
LC control number HIN-83946
020 ## - INTERNATIONAL STANDARD BOOK NUMBER
International Standard Book Number 81884091005
Terms of availability 100.00
035 ## - SYSTEM CONTROL NUMBER
System control number HN-56292
037 ## - SOURCE OF ACQUISITION
Stock number DBAD/ PUB
040 ## - CATALOGING SOURCE
Original cataloging agency DPL
Language of cataloging HN
082 ## - DEWEY DECIMAL CLASSIFICATION NUMBER
Classification number 523.2
245 ## - TITLE STATEMENT
Title वि.कोमारोव कृत सौर परिवार /
Statement of responsibility, etc पी.सी.राय द्वारा संपादित एवं अनुदित
246 ## - VARYING FORM OF TITLE
Title proper/short title V. Comorov krit saur parivaar
Remainder of title edited and compiled by P. C. Roy
260 ## - PUBLICATION, DISTRIBUTION, ETC. (IMPRINT)
Place of publication, distribution, etc दिल्ली
Name of publisher, distributor, etc जनवाणी प्रकाशन
Date of publication, distribution, etc 2007
270 ## - ADDRESS
Address 30/35-36, गली नं9, विश्वास नगर
City दिल्ली
State or province दिल्ली
Postal code 110032
300 ## - PHYSICAL DESCRIPTION
Extent 104पृ
Dimensions 22 सेमी (सजिल्द)
Other physical details सचित्र
650 ## - SUBJECT ADDED ENTRY--TOPICAL TERM
Topical term or geographic name as entry element खगोल विज्ञान
General subdivision सौरमण्डल
-- रोचक तथ्य
650 ## - SUBJECT ADDED ENTRY--TOPICAL TERM
Topical term or geographic name as entry element Astronomy
General subdivision Solar system
-- Interesting facts
700 ## - ADDED ENTRY--PERSONAL NAME
Personal name राय, पी.सी.
942 ## - ADDED ENTRY ELEMENTS (KOHA)
Institution code [OBSOLETE] dpl
Koha item type Hindi Books
Source of classification or shelving scheme Dewey Decimal Classification
Classification part 523.2
Call number suffix विकोमा
Holdings
Withdrawn status Lost status Damaged status Not for loan Collection code Home library Current library Date acquired Cost, normal purchase price Total Checkouts Full call number Barcode Date last seen Copy number Cost, replacement price Price effective from Koha item type
      Not For Loan Non-fiction D.B.Act.Division D.B.Act.Division 18/08/2008 100.00   523.2 विकोमा HN-56292 15/09/2008 1 100.00 15/09/2008 Hindi Books

© Delhi Public Library
Hit Counter
free hit counter